| 000 | 01755nam a2200289 i 4500 | ||
|---|---|---|---|
| 001 | 182696 | ||
| 003 | ES-MaACL | ||
| 005 | 20250824202958.0 | ||
| 008 | 131010s1894 sp |||| | spa d | ||
| 080 | _a94(8=134.2)"1600/1830" | ||
| 245 | 0 | 0 | _aTres tratados de América, (siglo XVIII). |
| 260 |
_aMadrid : _bLibrería de Victoriano Suárez, _c1894. |
||
| 300 |
_a255 p., 16 p. ; _c18 cm. |
||
| 490 | 1 |
_aColección de libros raros o curiosos que tratan de América ; _v11 |
|
| 505 | 8 | _aContiene con portadilla propia: Relación histórica, política y moral de Cuenca, población y hermosura de su provincia / Joaquín de Merisalde y Santisteban. Razón sobre el estado y gobernacióon política y militar de la jurisdicción de Quito en 1754 /Juan Pio de Montúfar y Frasco. Diario de todo lo ocurrido en la expugnación de los fuertes de Bocachica y sitio de la ciudad de Cartagena de Indias en 1741, formado de los pliegos remitidos a S.M. /por D.Sebastián Eslava con D.Pedro Mur... | |
| 530 | _aDisponible también en sitio web. | ||
| 651 | 4 |
_aAmérica española- _xHistoria- _y1600-1830, Época colonial. _9149267 |
|
| 651 | 4 |
_aCartagena (Colombia)- _xHistoria- _y1741 (Sitio) _9153634 |
|
| 700 | 1 |
_aMerisalde y Santisteban, Joaquín de. _9153630 |
|
| 700 | 1 |
_aSelva Alegre, Juan Pío Montúfar y Fraso, _cMarqués de. _9153631 |
|
| 700 | 1 |
_aEslava, Sebastián de. _9191827 |
|
| 700 | 1 |
_aMur, Pedro de. _9153633 |
|
| 830 | 0 | 0 |
_aColección de libros raros o curiosos que tratan de América _v11 _9188448 |
| 852 |
_aES-MaACL _jR-2960-79 _x.- Olim.: D-3069-88 |
||
| 856 | 4 | 1 |
_uhttp://bibliotecadigitalhispanica.bne.es:80/webclient/DeliveryManager?pid=2171594&custom_att_2=simple_viewer _zIr a la página |
| 999 |
_c182696 _d182696 |
||